|
|
|
|
| LEADER |
01389nam a2200265 a 4500 |
| 001 |
GR-MES11010 |
| 008 |
061030s gr b 000 0 gre d |
| 020 |
|
|
|a 0784404623
|
| 040 |
|
|
|a GrPaTEI
|b gre
|c GR-PaULI
|
| 040 |
|
|
|a GrPaTEI
|b gre
|c GR-PaULI
|
| 082 |
|
0 |
|a 631.587
|2 21
|
| 110 |
2 |
|
|a Environmental and water resources institute (U.S) .On-farm irrigation committee
|
| 245 |
1 |
0 |
|a Selection of irrigation methods for agriculture :
|b On -farm irrigation committee of the environmental and water resources institute /
|c C.M.Burt...[et al].
|
| 260 |
|
|
|a Reston ,Va :
|b American society of civil engineers,
|c c2000
|
| 300 |
|
|
|a 129σ. :
|b εικ. ;
|c 22εκ.
|
| 504 |
|
|
|a Περιλαμβάνει βιβλιογραφικές παραπομπές (σ.119-121)
|
| 600 |
|
|
|a Irrigation
|
| 650 |
|
0 |
|a Irrigation
|
| 650 |
|
4 |
|a Αρδευση
|
| 700 |
1 |
|
|a Burt, C.M
|
| 942 |
|
|
|2 ddc
|
| 952 |
|
|
|0 0
|1 0
|2 ddc
|4 0
|6 631_587000000000000_BUR
|7 0
|9 270224
|a MSLG
|b MSLG
|c BSC
|d 2021-01-17
|e 24
|f 0
|g 0.00
|l 0
|o 631.587 BUR
|p 2420000018933
|r 2021-01-17 00:00:00
|t 1
|v 2021.00
|w 2021-01-17
|y BK15
|x Μεταφορά από Αμαλιάδα (18/10/22)
|x GrPaTEI
|
| 952 |
|
|
|0 0
|1 0
|2 ddc
|4 0
|6 631_587000000000000_BUR
|7 0
|9 270225
|a MSLG
|b MSLG
|c BSC
|d 2021-01-17
|e 24
|f 0
|g 0.00
|l 0
|o 631.587 BUR
|p 2420000020016
|r 2021-01-17 00:00:00
|t 1
|w 2021-01-17
|y BK15
|x 20061030 0 1
|x GrPaTEI
|
| 971 |
|
|
|a .b25770573
|b 15-04-20
|c 13-09-16
|
| 999 |
|
|
|c 156050
|d 156050
|